000 00838nam a22001937a 4500
003 0
005 20250915114257.0
008 250915b xxu||||| |||| 00| 0 eng d
020 _a978-1-394-27243-3
050 _aQA 76.9.N38
_b.N38 2025
245 _aNatural language processing for software engineering /
_cedited by Rajesh Kumar Chakrawarti, Ranjana Sikarwar, Sanjaya Kumar Sarangi, Samson Arun Raj Albert Raj, Shweta Gupta, Krishnan Sakthidasan Sankaran, and Romil Rawat.
260 _aHoboken, NJ :
_bJohn Wiley & Sons,
_c2025.
300 _axvii, 520 pages :
_billustrations ;
_c24 cm.
504 _aIncludes bibliographical references and index.
650 _aNatural language processing (Computer science).
650 _aSoftware engineering
_xData processing.
650 _aApplication software
_xDevelopment.
942 _2lcc
_cBK
999 _c367946
_d367946